مرزا غالب اور جان کیٹس: (Record no. 189090)
[ view plain ]
| 000 -LEADER | |
|---|---|
| fixed length control field | 00703nam a22001937a 4500 |
| 005 - DATE AND TIME OF LATEST TRANSACTION | |
| control field | 20221216171230.0 |
| 010 ## - LCCN (DPL NO) | |
| LC control number | UR-11801 |
| 020 ## - INTERNATIONAL STANDARD BOOK NUMBER | |
| International Standard Book Number | 9789392496547 |
| Terms of availability | 400.00 |
| 035 ## - SYSTEM CONTROL NUMBER | |
| System control number | U-10356 |
| 037 ## - SOURCE OF ACQUISITION | |
| Source of stock number/acquisition | DBAD/PUB |
| Stock number | - |
| 082 ## - DEWEY DECIMAL CLASSIFICATION NUMBER | |
| Classification number | 844.8 |
| 100 ## - MAIN ENTRY--PERSONAL NAME | |
| Personal name | زیڑ حسن |
| 245 ## - TITLE STATEMENT | |
| Title | مرزا غالب اور جان کیٹس: |
| Remainder of title | فکر وفن کا تکا بلی مطالعہ / |
| Statement of responsibility, etc | زیڑ حسن |
| Medium | ا رد و |
| 246 ## - VARYING FORM OF TITLE | |
| Title proper/short title | Mirza Ghalib Aur John Keats: Fikr-o-Fun Ka Taqabuli Mutala'ah / |
| Remainder of title | by Z. Hasan |
| 260 ## - PUBLICATION, DISTRIBUTION, ETC. (IMPRINT) | |
| Place of publication, distribution, etc | New Delhi |
| Name of publisher, distributor, etc | Educational Publishing House |
| Date of publication, distribution, etc | 2021 |
| 270 ## - ADDRESS | |
| Address | D1/16, Ansari Road, Daryaganj |
| City | New Delhi |
| Postal code | 110002 |
| 300 ## - PHYSICAL DESCRIPTION | |
| Extent | 488 ص |
| Dimensions | 23cm(Hb) |
| 942 ## - ADDED ENTRY ELEMENTS (KOHA) | |
| Source of classification or shelving scheme | Dewey Decimal Classification |
| Item type | Urdu Bks |
| Classification part | 844.8 |
| Call number suffix | ز ی ڑ |
| Withdrawn status | Lost status | Not for loan | Collection code | Home library | Current library | Date acquired | Source of acquisition | Cost, normal purchase price | Full call number | Barcode | Copy number | Cost, replacement price | Koha item type |
|---|---|---|---|---|---|---|---|---|---|---|---|---|---|
| Non-fiction | Central Library | Central Library | 16/12/2022 | DBAD/PUB | 400.00 | 844.8 ز ی ڑ | U-10356 | 1 | 400.00 | Urdu Bks |
